Statistiques concernant Culture Générale - Série 2383

Cliquez ici pour prendre le quiz!

Statistiques générales

  • Ce quiz a été pris 105 fois
  • Le résultat moyen est 5 sur 10

Statistiques - réponses

QuestionRéponse% Correct
Comment appelle-t-on le magma du volcan quand il atteint la surface de la Terre ?lave
89%
Quel mot familier de 8 lettres commençant par " c " désigne un très vieux cheval ?canasson
64%
Quel mot argotique de 8 lettres commençant par " e " désigne l'oreille ?esgourde
60%
Dans quelle partie du corps se trouve la cochlée ?oreille
59%
Quelle profession est appelée en argot "baveux" ?avocat
54%
Quel est le prénom de l'acteur qui joue le rôle de Raymond dans la série télévisée "Scènes de ménages" ? voir photoGérard
52%
Quel anglicisme de 9 lettres désigne une suite de caractères alphanumériques utilisée dans un message électronique pour former un visage stylisé exprimant un état affectif intense ?émoticone
50%
Le laiton est un alliage composé de cuivre et de ....zinc
41%
Quel adjectif de 8 lettres commençant par " c " signifie "Qui monte à la tête, qui produit une certaine ivresse" - en parlant par exemple d'un parfum ou d'un vin ?capiteux
34%
Vieux mot français désignant une couleur bleu-vert - utilisé souvent pour désigner la couleur des yeuxpers
16%

Distribution des résultats

Percentile par nombre de réponses

% des personnes avec chaque résultat

Votre développement - résultats

Vous n’avez pas pris ce quiz